Szczegóły MARC21

Różnorodność organizacji i niektórych efektów wychowania w średnim mieście : praca zbiorowa /

003 -Nazwa inst., której nr kontr. jest w polu 001 [,]
    • @
    • Nazwa instytucji, której n kontrolny jest w polu 001
    • NUKAT
005 -DATA I CZAS OSTATNIEJ MODYFIKACJI [,]
    • @
    • pole kontrolne
    • 20241231115815.0
040 -Instytucja sporządzająca opis [ , ]
    • a
    • Instytucja, która sporządziła opis (NP)
    • KAT U/30WZ
    • b
    • Język katalogowania
    • pol
    • e
    • Zasady katalogowania
    • rda
    • c
    • Instytucja, która sporządziła rekord (NP)
    • KAT U/30WZ
    • d
    • Instytucja, która zmodyfikowała rekord (P)
    • KAT U/30MS
    • d
    • Instytucja, która zmodyfikowała rekord (P)
    • SZCZ U/ABs
041 -Język dokumentu [0, ]
    • a
    • Język tekstu (P)
    • polski
    • b
    • Język streszczeń lub abstraktu (P)
    • niemiecki
    • b
    • Język streszczeń lub abstraktu (P)
    • rosyjski
942 -Rodzaj dokumentu [ , ]
    • c
    • Rodzaj dokumentu
    • Książka
245 -Strefa tytułu i oznaczenia odpowiedzialności [0,0]
    • a
    • Tytuł
    • Różnorodność organizacji i niektórych efektów wychowania w średnim mieście : Find
    • b
    • Ciąg dalszy tytułu (NP)
    • praca zbiorowa / Find
    • c
    • Pozostałe elementy strefy tytułu i oznaczenia odpowiedzialności (NP)
    • pod redakcją Marii Jakowickiej.
260 -Strefa adresu wydawniczego [ , ]
    • a
    • Miejsce wydania (P)
    • Zielona Góra :
    • b
    • Nazwa wydawcy (P)
    • Wyższa Szkoła Pedagogiczna,
    • c
    • Data wydania (P)
    • 1987.
300 -Strefa opisu fizycznego [ , ]
    • a
    • Określenie formy książki i/lub objętość (NP)
    • 178 stron, [2] karty tablic złożone ;
    • c
    • Format (NP)
    • 24 cm.
336 -Typ zawartości [ , ]
    • a
    • Termin opisujący typ zawartości
    • Tekst
    • b
    • Kod określający zawartość
    • txt
    • 2
    • Źródło (terminu i kodu)
    • rdacontent
337 -Typ mediów [ , ]
    • a
    • Tryb odtwarzania
    • Bez urządzenia pośredniczącego
    • b
    • Kod typu mediów
    • n
    • 2
    • Źródło (terminu i kodu)
    • rdamedia
338 -Typ/rodzaj nośnika [ , ]
    • a
    • Hasło opisujące typ nośnika
    • Wolumin
    • b
    • Kod typu nośnika
    • nc
    • 2
    • Źródło (terminu i kodu)
    • rdacarrier
546 -Uwaga dot. języka [ , ]
    • a
    • Uwaga dot. języka
    • Streszczenie w języku niemiecki i rosyjskim.
080 -Uniwersalna Klasyfikacja Dziesiętna [ , ]
    • a
    • Symbol klasyfikacji
    • 37.018
    • 2
    • Identyfikator wydania tablic
    • UDC-P058
    • 9
    • UKD
    • 3840
    • b
    • Dopowiedzenie
    • Podstawowe formy wychowania i kształcenia.
    • 4
    • UKD2
    • 11209
    • x
    • Poddział wspólny
    • (438-21)
    • c
    • Dopowiedzenie poddz. wspólnego
    • (Polska - Miejskie jednostki administracyjne. Miasta).
080 -Uniwersalna Klasyfikacja Dziesiętna [ , ]
    • a
    • Symbol klasyfikacji
    • 37.035
    • 2
    • Identyfikator wydania tablic
    • UDC-P058
    • 9
    • UKD
    • 3851
    • b
    • Dopowiedzenie
    • Wychowanie społeczne. Wychowanie dla demokracji. Wychowanie patriotyczne.
    • 4
    • UKD2
    • 11209
    • x
    • Poddział wspólny
    • (438-21)
    • c
    • Dopowiedzenie poddz. wspólnego
    • (Polska - Miejskie jednostki administracyjne. Miasta).
650 -Hasło przedmiotowe [ ,7]
    • a
    • Hasło przedmiotowe
    • Środowisko szkolne
    • z
    • Określnik geograficzny
    • Polska.
    • 2
    • Źródło terminu
    • kaba
    • 9
    • KHW
    • 406007
650 -Hasło przedmiotowe [ ,7]
    • a
    • Hasło przedmiotowe
    • Szkoły
    • x
    • Określnik rzeczowy
    • socjologia
    • z
    • Określnik geograficzny
    • Polska.
    • 2
    • Źródło terminu
    • kaba
    • 9
    • KHW
    • 551508
650 -Hasło przedmiotowe [ ,7]
    • a
    • Hasło przedmiotowe
    • Socjologia edukacji
    • z
    • Określnik geograficzny
    • Polska.
    • 2
    • Źródło terminu
    • kaba
    • 9
    • KHW
    • 353670
650 -Hasło przedmiotowe [ ,7]
    • a
    • Hasło przedmiotowe
    • Relacje szkoła-społeczność lokalna
    • z
    • Określnik geograficzny
    • Polska.
    • 2
    • Źródło terminu
    • kaba
    • 9
    • KHW
    • 411783
980 -Symbol UKD [ , ]
    • a
    • UKD
    • 37.018:37.035](438-21)
700 -Hasło dodatkowe - nazwa osobowa [1, ]
    • a
    • Nazwa osobowa (NP)
    • Jakowicka, Maria Find
    • d
    • Daty biograficzne (NP)
    • (1929- ).
    • e
    • Określenie rodzaju współpracy
    • Redakcja
    • 9
    • KHW
    • 56710
710 -Hasło dodatkowe - nazwa ciała zbiorowego [2, ]
    • a
    • Nazwa ciała zbiorowego lub nazwa geograficzna jako pierwszy element (NP)
    • Wyższa Szkoła Pedagogiczna (Zielona Góra).
    • e
    • Rodzaj współpracy
    • Wydawca
    • 4
    • Kod relacji
    • pbl
    • 9
    • KHW
    • 78393
Numer inwentarzowy Status udost. Data inwentaryzacji Lokalizacja
Pd.812611995-10-31BG